Chemistry: an investigative approach
| Main Author: | |
|---|---|
| Format: | Section = Libro |
| Language: | Undetermined Spanish |
| Published: |
New York
Houghton Mifflin Company
1970
|
| Subjects: |
| LEADER | 00475nam a2200181Ia 4500 | ||
|---|---|---|---|
| 008 | 240830s9999 xx 000 0 und d | ||
| 040 | |a CEDOC FIQ-RUSB / 540 C851 | ||
| 041 | |a spa | ||
| 082 | |a 540 C851 | ||
| 100 | 1 | |a Cotton, Albert F | |
| 245 | 1 | 0 | |a Chemistry: an investigative approach |
| 260 | |a New York |b Houghton Mifflin Company |c 1970 | ||
| 300 | |a 660 p.: il. | ||
| 650 | 7 | |a QUÍMICA GENERAL | |
| 650 | 7 | |b QUíMICA ORGANICA | |
| 942 | |c BK |2 ddc | ||
| 991 | |a TEXTO | ||
| 999 | |c 13869 | ||